00471nam a2200109Ia 4500008004100000050002100041100002800062245013300090260008600223300002900309521002300338140724s9999 xx 000 0 und d aP 91b.T114 2011 aTabusalla, Andi Farida. aEffectiveness of the Tri-media campaigns of Hotdog brand's in the Philippines in terms of brand recall /cAndi farida Tabusalla. aLas Piñas, Philippines :bSouthville International School and Colleges,cc2011. a103 p. :bill. ;c28 cm. aMass Communication